|
|
|
|
| LEADER |
00000nab a2200000uu 4500 |
| 001 |
vtls011505920 |
| 003 |
SK-MaSNL |
| 005 |
20260304025936.0 |
| 008 |
250310|1967 xo |||||||||||||||||slo| |
| 015 |
|
|
|a SNBRB
|
| 035 |
|
|
|a (urnnbn)urn:nbn:sk:snk:ar-a0ap49
|
| 035 |
|
|
|a (uuid)5811e850-52f3-4eb4-a5ff-93269dea3c7e
|
| 035 |
|
|
|a urn:nbn:sk:snk-abdz84
|
| 040 |
|
|
|a SNKBUCL
|b slo
|c SNKBUCL
|e AACR2
|
| 041 |
0 |
|
|a slo
|
| 044 |
|
|
|a xo
|c SK
|
| 100 |
1 |
|
|a Klátik, Zlatko,
|d 1922-1990
|4 aut
|9 105447
|
| 245 |
1 |
0 |
|a O spôsobe výstavby humoristickej rozprávky
|b (nad cyklom rozprávok Kristy Bendovej)
|c Zlatko Klátik
|
| 600 |
1 |
7 |
|a Bendová, Krista,
|d 1923-1988
|t Osmijanko
|2 SNK
|9 1307915
|
| 650 |
0 |
7 |
|a slovenské rozprávky
|2 SNKPH
|9 85369
|
| 650 |
0 |
7 |
|a autorské rozprávky
|2 SNKPH
|9 31369
|
| 650 |
0 |
7 |
|a humor
|2 SNKPH
|9 1763
|
| 655 |
|
7 |
|a štúdie
|2 SNKPH
|9 57033
|
| 773 |
0 |
|
|t Zlatý máj : kritická revue tvorby pro mládež
|g Roč. 11, č. 10 (1967), s. 613-620
|
| 958 |
|
|
|a OND
|
| 958 |
|
|
|a article20
|
| 999 |
|
|
|c 2630786
|d 2632716
|